书目信息 |
| 题名: |
中国近代史大纲
|
|
| 作者: | 蒋廷黻 著 | |
| 分册: | ||
| 出版信息: | 南京 江苏教育出版社 2006 |
|
| 页数: | 154页 | |
| 开本: | 23cm | |
| 丛书名: | 国学书库 | |
| 单 册: | ||
| 中图分类: | K250.7 | |
| 科图分类: | ||
| 主题词: | 近代史 | |
| 电子资源: | ||
| ISBN: | 7-5343-7350-6 | |
| 000 | 00825oam2 2200265 450 | |
| 001 | 003189556 | |
| 005 | 20070806094527.98 | |
| 010 | @a7-5343-7350-6@dCNY14.80 | |
| 100 | @a20060531d2006 em y0chiy0110 ea | |
| 101 | 0 | @achi |
| 102 | @aCN@b320000 | |
| 105 | @ay z 000yy | |
| 200 | 1 | @a中国近代史大纲@9zhong guo jin dai shi da gang@f蒋廷黻著 |
| 210 | @a南京@c江苏教育出版社@d2006 | |
| 215 | @a154页@d23cm | |
| 225 | 2 | @a国学书库@i文史类丛@v8 |
| 330 | @a本书对19世纪到20世纪早期的中国历史进行了审视和省思,试图对中国近代的历史作一梳理,探究近代中国的现代化历程。 | |
| 462 | 0 | @12001 @a国学书库@i文史类丛 |
| 606 | 0 | @a近代史 |
| 607 | @a中国@x近代史@x研究 | |
| 607 | @a中国 | |
| 690 | @aK250.7@v4 | |
| 701 | 0 | @a蒋廷黻@9jiang ting fu@f(1895~1965)@4著 |
| 801 | 0 | @aCN@bNLC@c20070806 |
| 905 | @a10447@dK250.7@e174 | |
| 中国近代史大纲/蒋廷黻著.-南京:江苏教育出版社,2006 |
| 154页;23cm.-(国学书库.文史类丛;8) |
| ISBN 7-5343-7350-6:CNY14.80 |
| 本书对19世纪到20世纪早期的中国历史进行了审视和省思,试图对中国近代的历史作一梳理,探究近代中国的现代化历程。 |
| ● |
| 相关链接 |
|
|
|
|
正题名:中国近代史大纲
索取号:K250.7/174
 
预约/预借
| 序号 | 登录号 | 条形码 | 馆藏地/架位号 | 状态 | 备注 |
| 1 | 0807173 | 208071735 | 第二样本阅览室/ [索取号:K250.7/174] | 在馆 | |
| 2 | 0807174 | 208071744 | 第二借阅区/ [索取号:K250.7/174] | 在馆 | |
| 3 | 0807175 | 208071753 | 第二借阅区/ [索取号:K250.7/174] | 在馆 | |
| 4 | 0807176 | 208071762 | 第二借阅区/ [索取号:K250.7/174] | 在馆 | |
| 5 | 0807177 | 208071771 | 第二借阅区/ [索取号:K250.7/174] | 在馆 | |
| 6 | 0807178 | 208071780 | 第二借阅区/ [索取号:K250.7/174] | 在馆 | |
| 7 | 0807179 | 208071799 | 第二借阅区/ [索取号:K250.7/174] | 在馆 | |
| 8 | 0807180 | 208071806 | 第二借阅区/ [索取号:K250.7/174] | 在馆 | |
| 9 | 0807181 | 208071815 | 第二借阅区/ [索取号:K250.7/174] | 在馆 | |
| 10 | 0807182 | 208071824 | 第二借阅区/ [索取号:K250.7/174] | 在馆 |